000 00352 a2200157 4500
001 76227
020 _a8573584319
040 _cAnchieta - Colégio São Paulo
100 _aMarques, Cristrina
240 1 0 _aAs mil e uma noite
_lpor
245 1 0 _aAs mil e uma noite
300 _a192
362 0 _a2021
650 4 _aLiteratura juvenil
942 _cBK
999 _c76227
_d76227